Normal view
MARC view
Entry Personal Name
001 - CONTROL NUMBER
- control field: 63963
003 - CONTROL NUMBER IDENTIFIER
- control field: dpl
005 - DATE AND TIME OF LATEST TRANSACTION
- control field: 20240327110250.0
008 - FIXED-LENGTH DATA ELEMENTS
- fixed length control field: 240327|| aca||aabn | a|a d
040 ## - CATALOGING SOURCE
- Original cataloging agency: dpl
- Transcribing agency: dpl
100 ## - HEADING--PERSONAL NAME
- Personal name: Shailendra Pratap Singh
670 ## - SOURCE DATA FOUND
- Source citation: Work cat.: (dpl)201791: Shailendra Pratap Singh, Nanotechnology Applications and Biomedical Effects for Future Perspectives :, 2021
